000 00333 a2200157 4500
001 180603
020 _a
040 _cMagnum
100 _aBarbosa, Rogerio Andrade
240 1 0 _aA vinganca do falcao
_lpor
245 1 0 _aA vinganca do falcao
362 0 _a1899
440 1 _aFTD
697 _aMAGNITO: IJ/ANIMAIS
942 _cBK
999 _c180603
_d180603